| 000 | 01524nam a2200373 i 4500 | ||
|---|---|---|---|
| 001 | 13702 | ||
| 003 | KOSZ 005 | ||
| 005 | 20200417142942.0 | ||
| 008 | 070729s1970 pl a f 000 0 pol | ||
| 015 | _aPB 1970/4614 | ||
| 040 |
_aWA N _cWA N _dKOSZ 005/RW |
||
| 080 | _a69(438) | ||
| 080 | _a351.82(438) | ||
| 100 | 1 |
_aCzerny, Jan. _eAutor |
|
| 245 | 1 | 0 |
_aMateriały szkoleniowe : _bzbiór przepisów i norm wymaganych do egzaminów dla uzyskania stwierdzenia kwalifikacji majstra w budownictwie powszechnym. _nT. 1, _pPrzepisy i normy wspólne dla wszystkich grup robót / _c[Jan Czerny, Edward Radziszewski]. |
| 250 | _aWydanie 2 wg stanu prawnego na dzień 31 marca 1967 r. | ||
| 260 |
_aWarszawa : _bCentralny Ośrodek Informacji Budownictwa, _c1970. |
||
| 300 |
_a321 stron : _bilustracje ; _c24 cm. |
||
| 336 |
_aTekst _btxt _2rdacontent |
||
| 337 |
_aBez urządzenia pośredniczącego _bn _2rdamedia |
||
| 338 |
_aWolumin _bnc _2rdacarrier |
||
| 380 | _aKsiążki. | ||
| 500 | _aNazwy autorów na odwrotnej kartce tytułu. | ||
| 658 | _aArchitektura i budownictwo | ||
| 658 | _aPrawo i wymiar sprawiedliwości | ||
| 650 | 4 | _aBudownictwo | |
| 651 | 4 | _aPolska | |
| 650 | 4 | _aPrawo | |
| 655 | 4 | _aPodręcznik | |
| 700 | 1 |
_aRadziszewski, Edward _d(1923- ) _eAutor |
|
| 710 | 2 |
_aCentralny Ośrodek Informacji Budownictwa _4pbl. |
|
| 856 |
_uhttp://koha.tu.koszalin.pl/cgi-bin/koha/opac-detail.pl?biblionumber=13702 _yKatalog online BPK |
||
| 942 |
_2UKD _cKS |
||
| 999 |
_c13702 _d13702 |
||